Aká je vízia lesov a lesníctva na Slovensku?

Bibliographic Details
Main Author: Konôpka, Jozef, 1940- (Author)
Format: Article
Language:Slovak
PhysicalDescription:Fotogr.
ISSN:1337-088X
Subjects:

MARC

LEADER 00000nab a2200000 a 4500
001 vtls009346769
003 SK-MaSNL
005 20260426090717.0
008 250526c2008 xo |||||||||||000 b|slo
015 |a SNBRB2008/10  |2 snkbucl 
035 |a (uuid)d747a7e3-4f54-444b-b056-d85926d17b1f 
035 |a urn:nbn:sk:snk-ab13f2 
035 |a (urnnbn)urn:nbn:sk:snk:ar-005btc 
038 |a SNKBUCL 
040 |a SNKBUCL  |b slo  |c SNKBUCL  |e AACR2 
041 0 |a slo 
044 |a xo  |c SK 
080 |a 630  |x (437.6)  |2 1997 
100 1 |a Konôpka, Jozef,  |d 1940-  |4 aut  |9 89185 
245 1 0 |a Aká je vízia lesov a lesníctva na Slovensku?  |c Jozef Konôpka 
300 |b Fotogr. 
650 0 7 |a lesy  |2 snkbucl  |9 1437 
650 0 7 |a lesníctvo  |2 snkbucl  |9 1255 
650 0 7 |a lesné hospodárstvo  |2 snkbucl  |9 1256 
650 0 7 |a vízie  |2 snkbucl  |9 370901 
651 7 |a Slovensko  |2 snkbucl  |9 14231 
773 0 |t Les & Slovenské lesokruhy  |g Roč. 64/7, č. 9-10 (2008), s. 7-9  |x 1337-088X 
850 |a Slovenská národná knižnica 
852 |a Slovenská národná knižnica 
954 |a odborná, vedecká literatúra pôvodná (slovenská)  |2 lita 
958 |a ONDV 
958 |a article2022 
958 |a SK 
999 |c 3000620  |d 3002550